000 01097nam a22003377i 4500
003 EG-GICUC
005 20260121101448.0
008 251210s1956 us ||||fr|||| 001 0 eng d
040 _aEG-GiCUC
_beng
_cEG-GiCUC
_dEG-GiCUC
_erda
041 _aeng
082 0 4 _221
_a341.23
_bHO . L
092 0 4 _221
099 _aLaw1 11 341.23 HO . L 1956
100 1 _aHouston, John A.
_eAuthor.
245 1 0 _aLatin America in the United Nations /
_cJohn A.Houston ; Foreword Ricardo J. Alfaro.
264 1 _aNew York :
_bUnited Nations studies,
_c1956.
300 _a345 pages ;
_c24 cm.
336 _2rda content
_atext
337 _2rda media
_aComputer
338 _2rda carrier
_aOnline Resource
490 0 _aUnited Nations Studies ;
_vNo. 8.
504 _aBibliographic references
546 _aText in English
650 1 4 _aUnited Nations
_xPublic international law
_2qrmak
650 1 4 _aLatin America
651 1 _2qrmak
700 1 _aAlfaro, Ricardo J.
_eContributor
856 4 0 _uhttps://fll.law.cu.edu.eg/fulltext/bks/B11-05033.pdf
905 _a75
_eHassnaa
942 _2ddc
_cBK
_e21
_n0
999 _c49594
_d49594